| 000 | 00986nam0a22002771 4500 | ||
|---|---|---|---|
| 001 | rc\4964507 | ||
| 005 | 20250613051239.0 | ||
| 021 |
_aRU _b[66-25669] |
||
| 035 | _a(NLR Aleph) 008959964 | ||
| 090 |
_a9057758 _c9057758 |
||
| 100 | _a20130426d1966 |||y0rusy50 ca | ||
| 101 | 0 | _arus | |
| 102 | _aRU | ||
| 105 | _aa z ||||| | ||
| 200 | 1 | _aПоточные линии в прядении шерсти | |
| 210 |
_aМосква _cЛегкая индустрия _d1966 |
||
| 215 |
_a235 с. _cил. _d21 |
||
| 300 | _aНа переплете авт. не указан | ||
| 606 |
_aПоточные линии в шерстопрядильном производстве _2psbo |
||
| 606 |
_aШерстопрядильное производство _xПоточный метод _2psbo |
||
| 700 | 1 |
_aРезвяков _bА.В. _gАнатолий Васильевич |
|
| 801 | 0 |
_aRU _bNLR _gpsbo |
|
| 801 | 1 |
_aRU _bELAR _2rusmarc |
|
| 852 |
_aNLR _j66-5/1768 |
||
| 942 | _cBOOK | ||
| 980 | _aNB | ||